कर्नाटक संगीत पद्धति / (Record no. 120499)

MARC details
000 -LEADER
fixed length control field 01135nam a22002657a 4500
005 - DATE AND TIME OF LATEST TRANSACTION
control field 20170124103159.0
010 ## - LIBRARY OF CONGRESS CONTROL NUMBER
LC control number B-242211
020 ## - INTERNATIONAL STANDARD BOOK NUMBER
Terms of availability 120.00
International Standard Book Number 8171245196
035 ## - SYSTEM CONTROL NUMBER
System control number B-242211
037 ## - SOURCE OF ACQUISITION
Source of stock number/acquisition Cen Lib/Ret
040 ## - CATALOGING SOURCE
Original cataloging agency DPL
Language of cataloging HN
082 ## - DEWEY DECIMAL CLASSIFICATION NUMBER
Classification number 782.08
Item number कविम
100 ## - MAIN ENTRY--PERSONAL NAME
Personal name कविमंडन, आर.वी.
9 (RLIN) 90748
245 ## - TITLE STATEMENT
Title कर्नाटक संगीत पद्धति /
Statement of responsibility, etc आर.वी.कविमंडन ; सम्पादक एल.उमाशंकर सिंह
246 ## - VARYING FORM OF TITLE
Title proper/short title Karnatak sangeet paddhti /
Remainder of title by R.V.Kavimandan ; sampadak L.Umashankar Singh
260 ## - PUBLICATION, DISTRIBUTION, ETC. (IMPRINT)
Place of publication, distribution, etc वाराणसी
Name of publisher, distributor, etc विश्वविद्यालय प्रकाशन
Date of publication, distribution, etc 2006
270 ## - ADDRESS
Address चौक
City वाराणसी
Postal code 221 001
300 ## - PHYSICAL DESCRIPTION
Extent 75पृ.
Dimensions 22सेमी(अजिल्द)
650 ## - SUBJECT ADDED ENTRY--TOPICAL TERM
Topical term or geographic name as entry element कर्नाटक -- संगीत
9 (RLIN) 90749
650 ## - SUBJECT ADDED ENTRY--TOPICAL TERM
Topical term or geographic name as entry element संगीत
9 (RLIN) 90750
650 ## - SUBJECT ADDED ENTRY--TOPICAL TERM
Topical term or geographic name as entry element Karnataka - Music
9 (RLIN) 90751
650 ## - SUBJECT ADDED ENTRY--TOPICAL TERM
Topical term or geographic name as entry element Music
9 (RLIN) 4778
700 ## - ADDED ENTRY--PERSONAL NAME
Personal name सिंह, एल.उमाशंकर
9 (RLIN) 90752
942 ## - ADDED ENTRY ELEMENTS (KOHA)
Source of classification or shelving scheme Dewey Decimal Classification
Koha item type Hindi Books
Classification part 782.08
Call number suffix कविम
Holdings
Withdrawn status Lost status Damaged status Not for loan Home library Current library Date acquired Source of acquisition Cost, normal purchase price Total Checkouts Full call number Barcode Date last seen Copy number Cost, replacement price Price effective from Koha item type
        Central Library Central Library 23/09/2015 Cen Lib/Ret 120.00   782.08 कविम B-242211 23/09/2015 1 120.00 15/09/2016 Hindi Books

© Delhi Public Library
Hit Counter
free hit counter